<?xml version="1.0" encoding="UTF-8"?>
<collection xmlns="http://www.loc.gov/MARC21/slim">
 <record>
  <leader>04958cam a22007452c 4500</leader>
  <controlfield tag="001">1926034589</controlfield>
  <controlfield tag="003">DE-627</controlfield>
  <controlfield tag="005">20260306073332.0</controlfield>
  <controlfield tag="007">tu</controlfield>
  <controlfield tag="008">250519s2018    sp |||||      00| ||spa c</controlfield>
  <datafield tag="020" ind1=" " ind2=" ">
   <subfield code="a">9788409029631</subfield>
   <subfield code="9">978-84-09-02963-1</subfield>
  </datafield>
  <datafield tag="020" ind1=" " ind2=" ">
   <subfield code="a">8409029634</subfield>
   <subfield code="9">84-09-02963-4</subfield>
  </datafield>
  <datafield tag="035" ind1=" " ind2=" ">
   <subfield code="a">(DE-627)1926034589</subfield>
  </datafield>
  <datafield tag="035" ind1=" " ind2=" ">
   <subfield code="a">(DE-599)KXP1926034589</subfield>
  </datafield>
  <datafield tag="040" ind1=" " ind2=" ">
   <subfield code="a">DE-627</subfield>
   <subfield code="b">ger</subfield>
   <subfield code="c">DE-627</subfield>
   <subfield code="e">rakwb</subfield>
  </datafield>
  <datafield tag="041" ind1=" " ind2=" ">
   <subfield code="a">spa</subfield>
   <subfield code="a">por</subfield>
   <subfield code="a">ita</subfield>
  </datafield>
  <datafield tag="044" ind1=" " ind2=" ">
   <subfield code="c">XA-ES</subfield>
  </datafield>
  <datafield tag="084" ind1=" " ind2=" ">
   <subfield code="a">75.052&quot;14/17&quot;(460.35)</subfield>
   <subfield code="2">udc</subfield>
  </datafield>
  <datafield tag="084" ind1=" " ind2=" ">
   <subfield code="a">75.052&quot;14/17&quot;(7+8)</subfield>
   <subfield code="2">udc</subfield>
  </datafield>
  <datafield tag="245" ind1="0" ind2="0">
   <subfield code="a">Pintura mural en la Edad Moderna</subfield>
   <subfield code="b">entre Andalucía e Iberoamérica</subfield>
   <subfield code="c">José Manuel Almansa Moreno, Nuria Martínez Jiménez, Fernando Quiles García (eds.)</subfield>
  </datafield>
  <datafield tag="264" ind1=" " ind2="1">
   <subfield code="a">Sevilla</subfield>
   <subfield code="b">Universidad Pablo de Olavide</subfield>
   <subfield code="c">2018</subfield>
  </datafield>
  <datafield tag="300" ind1=" " ind2=" ">
   <subfield code="a">314 p</subfield>
   <subfield code="b">il. color</subfield>
  </datafield>
  <datafield tag="336" ind1=" " ind2=" ">
   <subfield code="a">Text</subfield>
   <subfield code="b">txt</subfield>
   <subfield code="2">rdacontent</subfield>
  </datafield>
  <datafield tag="337" ind1=" " ind2=" ">
   <subfield code="a">Computermedien</subfield>
   <subfield code="b">c</subfield>
   <subfield code="2">rdamedia</subfield>
  </datafield>
  <datafield tag="338" ind1=" " ind2=" ">
   <subfield code="a">Band</subfield>
   <subfield code="b">nc</subfield>
   <subfield code="2">rdacarrier</subfield>
  </datafield>
  <datafield tag="500" ind1=" " ind2=" ">
   <subfield code="a">La publicación recoge algunas de las ponencias del seminario &quot;Pintura mural andaluza en la Edad Moderna&quot; organizado en 2017 en la Universidad de Jaén. Además incluye textos de otros investigadores</subfield>
  </datafield>
  <datafield tag="505" ind1="8" ind2="0">
   <subfield code="t">Pintura mural: documentación, técnica y conservación, La</subfield>
   <subfield code="r">Carmen Moral Ruiz.</subfield>
  </datafield>
  <datafield tag="505" ind1="8" ind2="0">
   <subfield code="t">Pinturas renacentistas del Altar Mayor de la Catedral de Valencia o la introducción de la técnica ad affresco en la Corona de Aragón : una lectura en clave material y procedimental, Las</subfield>
   <subfield code="r">Miquel Àngel Herrero-Cortell.</subfield>
  </datafield>
  <datafield tag="505" ind1="8" ind2="0">
   <subfield code="t">Escuela de la Alhambra: de Aquiles y Mayner al florecimiento de la pintura mural en Granada, La</subfield>
   <subfield code="r">Nuria Martínez Jiménez.</subfield>
  </datafield>
  <datafield tag="505" ind1="8" ind2="0">
   <subfield code="t">Pintura mural en el Reino de Jaén en el siglo XVI</subfield>
   <subfield code="r">Arsenio Moreno Mendoza.</subfield>
  </datafield>
  <datafield tag="505" ind1="8" ind2="0">
   <subfield code="t">Urbs Picta Malacitana: del estudio histórico artístico a la comunicación en el sector turístico</subfield>
   <subfield code="r">Eduardo Asenjo Rubio.</subfield>
  </datafield>
  <datafield tag="505" ind1="8" ind2="0">
   <subfield code="t">Bóvedas celestes y de más colores. El patrón de Pozzo en la cuadratura sevillana</subfield>
   <subfield code="r">Fernando Quiles García.</subfield>
  </datafield>
  <datafield tag="505" ind1="8" ind2="0">
   <subfield code="t">Cuadraturistas y bibliófilos: la escuela de Lucas Valdés de Sevilla a Cádiz (1725-1783)</subfield>
   <subfield code="r">Sara Fuentes Lázaro.</subfield>
  </datafield>
  <datafield tag="505" ind1="8" ind2="0">
   <subfield code="t">Posición del espectador en la pintura mural. Un ejemplo en la obra de Valdés Leal, La</subfield>
   <subfield code="r">Miguel Ángel Maure-Rubio.</subfield>
  </datafield>
  <datafield tag="505" ind1="8" ind2="0">
   <subfield code="t">Pintura mural en Huelva. La comarca de la Sierra, La</subfield>
   <subfield code="r">Antonio Manuel Cuaresma Maestre.</subfield>
  </datafield>
  <datafield tag="505" ind1="8" ind2="0">
   <subfield code="t">Papel decorativo da pintura a fresco dos séculos XV e XVI em Portugal. Relações com os tecidos lavrados, O</subfield>
   <subfield code="r">Joaquim Inácio Caetano.</subfield>
  </datafield>
  <datafield tag="505" ind1="8" ind2="0">
   <subfield code="t">Pintura mural en una capilla indígena mexicana</subfield>
   <subfield code="r">Ana Laura Medina Manrique. Aprendiendo del pasado. Pintura mural en el Cuzco colonial</subfield>
  </datafield>
  <datafield tag="505" ind1="8" ind2="0">
   <subfield code="t">Aproximación a la pintura mural en el Nuevo Reino de Granada</subfield>
   <subfield code="r">José Manuel Almansa Moreno .</subfield>
  </datafield>
  <datafield tag="505" ind1="8" ind2="0">
   <subfield code="t">Simulacro arquitetônico no Brasil Colonial - a decoração dos tetos entre os séculos XVIII e XIX, O</subfield>
   <subfield code="r">Magno Moraes Mello.</subfield>
  </datafield>
  <datafield tag="505" ind1="8" ind2="0">
   <subfield code="t">Architettura versus pittura. Modi di intendere la quadratura e la pittura murale tra Spagna, Portogallo e Brasile coloniale</subfield>
   <subfield code="r">Giuseppina Raggi.</subfield>
  </datafield>
  <datafield tag="520" ind1=" " ind2=" ">
   <subfield code="a">Se analizan diversas cuestiones relativas a la pintura mural, tales como materiales y técnicas, medidas de conservación, modelos iconográficos e influencias artísticas</subfield>
  </datafield>
  <datafield tag="546" ind1=" " ind2=" ">
   <subfield code="a">Doce ponencias en español, dos en portugués y una en italiano</subfield>
  </datafield>
  <datafield tag="650" ind1=" " ind2="4">
   <subfield code="a">Pintura mural - s.15-18 - Congresos</subfield>
  </datafield>
  <datafield tag="650" ind1=" " ind2="4">
   <subfield code="a">Mural painting and decoration - 15th-18th Centuries - Congresses</subfield>
  </datafield>
  <datafield tag="700" ind1="1" ind2=" ">
   <subfield code="a">Almansa Moreno, José Manuel</subfield>
   <subfield code="4">oth</subfield>
  </datafield>
  <datafield tag="700" ind1="1" ind2=" ">
   <subfield code="a">Martínez Jiménez, Nuria</subfield>
   <subfield code="4">oth</subfield>
  </datafield>
  <datafield tag="700" ind1="1" ind2=" ">
   <subfield code="a">Quiles García, Fernando</subfield>
   <subfield code="4">oth</subfield>
  </datafield>
  <datafield tag="700" ind1="1" ind2=" ">
   <subfield code="a">Moral Ruiz, Carmen</subfield>
   <subfield code="4">oth</subfield>
  </datafield>
  <datafield tag="700" ind1="1" ind2=" ">
   <subfield code="a">Herrero-Cortell, Miguel Àngel</subfield>
   <subfield code="4">oth</subfield>
  </datafield>
  <datafield tag="700" ind1="1" ind2=" ">
   <subfield code="a">Moreno Mendoza, Arsenio</subfield>
   <subfield code="d">1953-2021</subfield>
   <subfield code="0">(worldcat)E39PBJqbkTkrG8X6VFkTWgVt8C</subfield>
   <subfield code="4">oth</subfield>
  </datafield>
  <datafield tag="700" ind1="1" ind2=" ">
   <subfield code="a">Asenjo Rubio, Eduardo</subfield>
   <subfield code="d">1970-</subfield>
   <subfield code="0">(worldcat)E39PCjD7xvMCvGPHFRRHxmhCQq</subfield>
   <subfield code="4">oth</subfield>
  </datafield>
  <datafield tag="700" ind1="1" ind2=" ">
   <subfield code="a">Fuentes Lázaro, Sara</subfield>
   <subfield code="4">oth</subfield>
  </datafield>
  <datafield tag="700" ind1="1" ind2=" ">
   <subfield code="a">Maure Rubio, Miguel Ángel</subfield>
   <subfield code="4">oth</subfield>
  </datafield>
  <datafield tag="700" ind1="1" ind2=" ">
   <subfield code="a">Cuaresma Maestre, Antonio Manuel</subfield>
   <subfield code="4">oth</subfield>
  </datafield>
  <datafield tag="700" ind1="1" ind2=" ">
   <subfield code="a">Caetano, Joaquim Inácio</subfield>
   <subfield code="4">oth</subfield>
  </datafield>
  <datafield tag="700" ind1="1" ind2=" ">
   <subfield code="a">Medina Manrique, Ana Laura</subfield>
   <subfield code="4">oth</subfield>
  </datafield>
  <datafield tag="700" ind1="1" ind2=" ">
   <subfield code="a">Kuon Arce, Elizabeth</subfield>
   <subfield code="4">oth</subfield>
  </datafield>
  <datafield tag="700" ind1="1" ind2=" ">
   <subfield code="a">Mello, Magno Moraes</subfield>
   <subfield code="4">oth</subfield>
  </datafield>
  <datafield tag="700" ind1="1" ind2=" ">
   <subfield code="a">Raggi, Giuseppina</subfield>
   <subfield code="4">oth</subfield>
  </datafield>
  <datafield tag="787" ind1="0" ind2="8">
   <subfield code="i">Rezensiert in</subfield>
   <subfield code="a">Fernández, Rafael Mantas</subfield>
   <subfield code="t">[Rezension von: José Manuel Almansa Moreno, Nuria Martínez Jiménez, Fernando Quiles García (Hrsg.), Pintura mural en la Edad Moderna entre Andalucía e Iberoamérica]</subfield>
   <subfield code="d">2022</subfield>
   <subfield code="w">(DE-627)1926034716</subfield>
  </datafield>
  <datafield tag="787" ind1="0" ind2="8">
   <subfield code="i">Rezensiert in</subfield>
   <subfield code="a">Valiente Rico, Juan</subfield>
   <subfield code="t">[Rezension von: José Manuel Almansa Moreno, Nuria Martínez Jiménez, Fernando Quiles García (eds.), Pintura mural en la Edad Moderna entre Andalucía e Iberoamérica]</subfield>
   <subfield code="d">2023</subfield>
   <subfield code="w">(DE-627)196357737X</subfield>
  </datafield>
  <datafield tag="856" ind1="4" ind2="1">
   <subfield code="u">https://www.upo.es/investiga/enredars/?page_id=564</subfield>
   <subfield code="x">Verlag</subfield>
   <subfield code="z">lizenzpflichtig</subfield>
   <subfield code="7">1</subfield>
  </datafield>
  <datafield tag="951" ind1=" " ind2=" ">
   <subfield code="a">BO</subfield>
  </datafield>
  <datafield tag="991" ind1=" " ind2=" ">
   <subfield code="a">Rezensiertes Werk</subfield>
  </datafield>
  <datafield tag="999" ind1=" " ind2=" ">
   <subfield code="a">KXP-PPN1926034589</subfield>
   <subfield code="e">4933907382</subfield>
  </datafield>
 </record>
</collection>
